| 000 | 00472nam a2200169 4500 | ||
|---|---|---|---|
| 001 | 111222 | ||
| 003 | ES-MaACL | ||
| 005 | 20250824063041.0 | ||
| 007 | t| | ||
| 008 | 061121s1919 sp r ||||1| spa d | ||
| 100 | 0 |
_aO'Leary, Daniel Florencio, _d1800-1854 _986340 |
|
| 245 | 1 | 0 |
_aJunín y Ayacucho / _cDaniel Florencio O'Leary. |
| 260 |
_aMadrid : _bAmérica, _c1919. |
||
| 300 |
_a295 p. ; _c19 cm. |
||
| 852 |
_aES-MaACL _jF-10957 |
||
| 999 |
_c111222 _d111222 |
||